[Event "IHEM 2004"]
[Site "Hamburg"]
[Date "2004.06.02"]
[Round "6.1"]
[White "Lanka, Zigurds"]
[Black "Loeffler, Stefan"]
[Result "0-1"]
[WhiteElo "2461"]
[BlackElo "2413"]
[PlyCount "178"]
[EventDate "2004.05.29"]
[Source "Roberto Alvarez"]
[SourceDate "2004.06.07"]

1. e4 Nf6 2. e5 Nd5 3. c4 Nb6 4. d4 d6 5. exd6 exd6 6. h3 Be7 7. Nf3 O-O 8. Bd3 c5 9. d5 Bf6 10. O-O N8d7 11. Qc2 g6 12. Bh6 Re8 13. Nbd2 Ne5 14. Nxe5 Bxe5 15. f4 Bd4+ 16. Kh2 Bd7 17. Bg5 f6 18. Bh4 Ba4 19. Qb1 Qe7 20. Nf3 Be3 21. Bg3 Qf8 22. Kh1 Rad8 23. b3 Bd7 24. Qb2 Nc8 25. Rae1 Re7 26. Re2 Rde8 27. Rfe1 g5 28. fxg5 fxg5 29. Nh2 Qh6 30. Qc2 Kg7 31. a3 Bf4 32. Bxf4 gxf4 33. Be4 Qf6 34. Nf3 b5 35. Bd3 bxc4 36. bxc4 Rxe2 37. Rxe2 Re3 38. Rxe3 fxe3 39. Qe2 Qf4 40. Qb2+ Qf6 41. Qc1 Bxh3 42. Qxe3 Bg4 43. Ng5 h6 44. Ne4 Qe5 45. Qf2 Ne7 46. Ng3 h5 47. Nf1 Bf5 48. Be2 Bg6 49. Ne3 Qa1+ 50. Kh2 Qxa3 51. Qg3 Kf8 52. Qf4+ Ke8 53. Bd1 Kd7 54. Qg3 Qc3 55. Qf2 Qe5+ 56. Kh1 Kc7 57. Qd2 Be8 58. Qa5+ Kb7 59. Qa3 Nc8 60. Qd3 Nb6 61. Qh7+ Ka6 62. Qd3 Qd4 63. Qxd4 cxd4 64. Nf5 Nxc4 65. Be2 Bb5 66. Nxd4 h4 67. Kh2 Kb6 68. Kh3 a5 69. Kxh4 a4 70. g4 a3 71. Nc2 Ne3 72. Bxb5 Nxc2 73. Bc4 Kc5 74. Bb3 Ne3 75. g5 Nxd5 76. g6 Ne7 77. Kg5 d5 78. g7 d4 79. Kf4 Kb4 80. Be6 d3 81. Ke5 Kc5 82. Bb3 d2 83. Ke6 Ng8 84. Kf7 a2 85. Bxa2 d1=Q 86. Kxg8 Kd6 87. Kf7 Qf3+ 88. Kg6 Qg2+ 89. Kh7 Qh2+ 0-1

[Event "Alushta"]
[Site "Alushta"]
[Date "2000.??.??"]
[Round "1"]
[White "Belov, Vladimir"]
[Black "Arbakov, Valentin"]
[Result "0-1"]
[WhiteElo "2389"]
[BlackElo "2471"]
[PlyCount "43"]
[EventDate "2000.??.??"]
[Source "www.chesslib.no"]
[SourceDate "2004.05.04"]

1. e4 Nf6 2. e5 Nd5 3. c4 Nb6 4. d4 d6 5. exd6 exd6 6. Nc3 Be7 7. Nf3 Bg4 8. h3 Bh5 9. Be3 O-O 10. g4 Bg6 11. Qd2 Nc6 12. O-O-O f5 13. gxf5 Rxf5 14. Ng1 d5 15. cxd5 Nxd5 16. Bd3 Nxd4 17. Bb1 Rf6 18. Bxg6 hxg6 19. Kb1 Qd7 20. Ka1 Nxc3 21. bxc3 Qd5 22. Ne2 0-1

[Event "Gausdal Masters"]
[Site "Gausdal"]
[Date "1995.??.??"]
[Round "?"]
[White "Kristensen, Bjarke"]
[Black "Westerinen, Heikki MJ"]
[Result "1-0"]
[WhiteElo "2455"]
[BlackElo "2405"]
[PlyCount "53"]
[EventDate "1995.??.??"]
[Source "ChessBase"]

1. e4 Nf6 2. e5 Nd5 3. d4 Nb6 4. Nf3 d5 5. Nbd2 Bg4 6. h3 Bxf3 7. Qxf3 e6 8. Qg3 c5 9. dxc5 N6d7 10. Be2 Nc6 11. O-O Nd4 12. Bd1 Nf5 13. Qb3 Bxc5 14. c4 O-O 15. cxd5 Nxe5 16. Ne4 Bb6 17. dxe6 Qh4 18. Qd5 Ng3 19. Nxg3 Qxg3 20. Qxb7 Qh4 21. Qd5 fxe6 22. Qxe5 Rxf2 23. Be3 Rxf1+ 24. Kxf1 Qc4+ 25. Kg1 Qd5 26. Qc3 Ba5 27. b4 1-0

[Event "Budapest FS02 GM"]
[Site "Budapest"]
[Date "2002.02.02"]
[Round "1"]
[White "Dembo, Yelena"]
[Black "Varga, Zoltan"]
[Result "1/2-1/2"]
[WhiteElo "2346"]
[BlackElo "2510"]
[PlyCount "124"]
[EventDate "2002.02.02"]
[Source "ChessBase"]
[SourceDate "2002.03.14"]

1. e4 Nf6 2. e5 Nd5 3. d4 c6 4. Nf3 d6 5. Be2 Nd7 6. O-O dxe5 7. dxe5 g6 8. c4 Nc7 9. b3 Bg7 10. Bb2 Ne6 11. Re1 O-O 12. Bf1 a5 13. Qe2 Ndc5 14. Na3 Qc7 15. Rad1 b6 16. Nc2 Bh6 17. g3 Bd7 18. Nfd4 Rad8 19. Bg2 Nxd4 20. Nxd4 Ne6 21. Nc2 Bc8 22. Ne3 Rxd1 23. Rxd1 Rd8 24. f4 Rxd1+ 25. Qxd1 Bd7 26. Qf3 Be8 27. Bh3 Qd8 28. Qd1 Qxd1+ 29. Nxd1 Bd7 30. Nf2 Kf8 31. Kf1 Ke8 32. Ke2 Kd8 33. Bg2 c5 34. Nd1 a4 35. Be4 axb3 36. axb3 Bg7 37. Ne3 Nc7 38. Nd5 Nxd5 39. cxd5 Bc8 40. Bc3 Bb7 41. Ke3 Bf8 42. b4 e6 43. d6 Bxe4 44. Kxe4 cxb4 45. Bxb4 Kd7 46. g4 Bg7 47. g5 h5 48. Kd4 Kc6 49. Kc4 Bh8 50. Kb3 Bg7 51. Ka4 Bh8 52. Ba3 Bg7 53. Bb4 Bh8 54. d7 Kxd7 55. Kb5 Kc7 56. Bd2 Bg7 57. Be3 Bf8 58. Bxb6+ Kd7 59. Bc5 Bxc5 60. Kxc5 Kc7 61. h4 Kd7 62. Kb6 Kd8 1/2-1/2

[Event "It (Men) Budapest HUN"]
[Site "?"]
[Date "2005.02.07"]
[Round "3"]
[White "Boros Denes Denes"]
[Black "Zlatic Mihajlo"]
[Result "1/2-1/2"]
[WhiteElo "2404"]
[BlackElo "2451"]
[PlyCount "137"]
[EventDate "2005.??.??"]
[Source "www.chesslib.no"]
[SourceDate "2004.05.04"]

1. e4 Nf6 2. e5 Nd5 3. c4 Nb6 4. d4 d6 5. exd6 exd6 6. Nc3 Be7 7. h3 O-O 8. Nf3 Bf5 9. Be2 Re8 10. O-O N8d7 11. Bf4 Nf6 12. Rc1 Ne4 13. Nxe4 Bxe4 14. Nd2 Bg6 15. Bf3 c6 16. Re1 Qd7 17. Qb3 Rad8 18. Nf1 Bf6 19. Red1 Be4 20. Bg4 Bf5 21. Ne3 Bxg4 22. Nxg4 Be7 23. Qg3 Kh8 24. Qd3 Bf8 25. Bg5 Be7 26. Bf4 Bf8 27. Ne3 d5 28. c5 Nc8 29. Ng4 f6 30. b4 Re4 31. Be3 Rde8 32. Re1 Be7 33. Bd2 Bd8 34. f3 Rxe1+ 35. Rxe1 Rxe1+ 36. Bxe1 Bc7 37. a4 a6 38. Ne3 Ne7 39. Nf1 Nf5 40. g4 Ne7 41. Bg3 Ng6 42. Qe3 h6 43. Kf2 Kg8 44. Nd2 Kf7 45. Nf1 Qc8 46. Bxc7 Qxc7 47. Ng3 Ne7 48. f4 a5 49. b5 cxb5 50. axb5 a4 51. Nf5 Nxf5 52. gxf5 Qd7 53. Qd3 Ke7 54. Qa3 Qxb5 55. c6+ Ke8 56. cxb7 Qxb7 57. Qxa4+ Kf7 58. Qc2 Qe7 59. Kf3 Qe1 60. Qc8 Qe4+ 61. Kg3 Qe3+ 62. Kg2 Qd2+ 63. Kg3 Qe1+ 64. Kg2 Qe4+ 65. Kg3 Qe3+ 66. Kg2 Qxd4 67. Qe6+ Kf8 68. Qc8+ Ke7 69. Qc7+ 1/2-1/2

[Event "FRA-chT1"]
[Site "Monaco"]
[Date "2002.02.03"]
[Round "3"]
[White "Beikert, Guenther"]
[Black "Glavina Rossi, Pablo"]
[Result "1/2-1/2"]
[WhiteElo "2438"]
[BlackElo "2417"]
[PlyCount "148"]
[EventDate "2002.02.01"]
[Source "ChessBase"]
[SourceDate "2002.03.14"]

1. e4 Nf6 2. e5 Nd5 3. d4 Nb6 4. f4 d6 5. Bd3 dxe5 6. dxe5 Nc6 7. Qe2 g6 8. Be3 Bg7 9. Nc3 Nb4 10. O-O-O Nxd3+ 11. Rxd3 Bd7 12. f5 gxf5 13. Qh5 Qc8 14. Nf3 h6 15. Qh4 c5 16. Rhd1 Qc6 17. Nd5 Nxd5 18. Rxd5 Be6 19. Rxc5 Qe4 20. Qxe4 fxe4 21. Nd4 Bg4 22. Rd2 b6 23. Rd5 O-O 24. h3 Be6 25. Nxe6 fxe6 26. Rd7 Bxe5 27. Bxh6 Rf6 28. Be3 Bd6 29. Rd4 Kf8 30. Ra4 Rg6 31. g4 Rf6 32. Kd2 Rf3 33. Bxb6 Rxh3 34. Bf2 Rh2 35. Ke1 Rc8 36. c3 e3 37. Bxe3 Rxb2 38. Bd2 Rc5 39. Rdxa7 Rb1+ 40. Ke2 Re5+ 41. Kd3 Rg1 42. Rd4 Rg3+ 43. Kc4 Rc5+ 44. Kb3 e5 45. Re4 Rb5+ 46. Kc2 Rg2 47. Ra8+ Kf7 48. c4 Rb7 49. a3 Rd7 50. Kc3 Bc5 51. Be1 Rd1 52. Ra5 Bd4+ 53. Kb3 Rc1 54. Bb4 Rg3+ 55. Ka4 Rxc4 56. Raxe5 Rxb4+ 57. axb4 Bxe5 58. Rxe5 Rxg4 59. Ka5 Kf6 60. Rc5 e5 61. b5 Kf5 62. b6 Rg8 63. b7 Rb8 64. Kb6 Kf4 65. Rc8 Rxb7+ 66. Kxb7 e4 67. Kc6 e3 68. Kd5 e2 69. Re8 Kf3 70. Kd4 Kf2 71. Rf8+ Kg2 72. Re8 Kf2 73. Kd3 e1=Q 74. Rxe1 Kxe1 1/2-1/2

[Event "Geneve op"]
[Site "Geneve"]
[Date "1996.??.??"]
[Round "7"]
[White "Klovans, Janis"]
[Black "Lukasiewicz, Grzegorz"]
[Result "1-0"]
[WhiteElo "2520"]
[BlackElo "2330"]
[PlyCount "103"]
[EventDate "1996.01.??"]
[Source "ChessBase"]

1. e4 Nf6 2. e5 Nd5 3. d4 c6 4. Nf3 d6 5. Be2 dxe5 6. Nxe5 g6 7. O-O Bg7 8. Nd2 Nd7 9. Ndf3 Nxe5 10. Nxe5 O-O 11. Bf3 Be6 12. Re1 Nb6 13. c3 a5 14. h4 Bd5 15. h5 Nd7 16. Ng4 Nf6 17. Nh6+ Kh8 18. Bxd5 cxd5 19. hxg6 fxg6 20. Qe2 e5 21. dxe5 Ne4 22. e6 Qh4 23. Nf7+ Kg8 24. Be3 Rae8 25. g3 Qh3 26. Ng5 Qf5 27. Nxe4 dxe4 28. Rad1 Qxe6 29. Qb5 Rf3 30. Qd7 a4 31. a3 Bf8 32. Qxe6+ Rxe6 33. Rd8 Kf7 34. Rd7+ Re7 35. Rd4 b5 36. Bg5 Re5 37. Bf4 Re7 38. Rd5 h6 39. Rxb5 g5 40. Be3 Re6 41. Ra5 Be7 42. Rxa4 h5 43. Ba7 h4 44. gxh4 gxh4 45. Raxe4 Rg6+ 46. Kf1 Bf6 47. Rb4 Rg8 48. Rb7+ Kg6 49. Ke2 Re8+ 50. Be3 Rf4 51. Rg1+ Bg5 52. Rb5 1-0

[Event "Hradec Kralove"]
[Site "Hradec Kralove"]
[Date "1981.??.??"]
[Round "9"]
[White "Prandstetter, Eduard"]
[Black "Hausner, Ivan"]
[Result "1-0"]
[WhiteElo "2415"]
[BlackElo "2435"]
[PlyCount "47"]
[EventDate "1981.10.??"]
[Source "ChessBase"]

1. e4 Nf6 2. e5 Nd5 3. d4 c5 4. c4 Nb4 5. a3 N4c6 6. d5 Nxe5 7. f4 Ng6 8. Nf3 d6 9. Bd3 e5 10. dxe6 fxe6 11. Ng5 Qf6 12. Qh5 Kd7 13. Nxh7 Qh4+ 14. Qxh4 Nxh4 15. Nxf8+ Rxf8 16. O-O Nc6 17. Nc3 b6 18. f5 exf5 19. Bg5 Rh8 20. Bxh4 Rxh4 21. Bxf5+ Kd8 22. Be4 Bb7 23. Rf7 Rb8 24. Rf8+ 1-0

[Event "otb"]
[Site "otb"]
[Date "2007.03.04"]
[Round "5"]
[White "Lazic Miroljub"]
[Black "Mrkonjic Nenad"]
[Result "1/2-1/2"]
[WhiteElo "2461"]
[BlackElo "2382"]
[PlyCount "29"]
[Source "www.chesslib.no"]
[SourceDate "2004.05.04"]

1. e4 Nf6 2. e5 Nd5 3. c4 Nb6 4. d4 d6 5. exd6 exd6 6. Nc3 Be7 7. Bd3 c6 8. Nge2 d5 9. c5 N6d7 10. Be3 O-O 11. O-O Re8 12. b4 Nf8 13. Qd2 Bf6 14. Ng3 g6 15. Rab1 1/2-1/2

[Event "Groningen Open"]
[Site "Groningen NED"]
[Date "1989.??.??"]
[Round "8"]
[White "Mestel, Jonathan"]
[Black "Steinbacher, Matthias"]
[Result "1-0"]
[WhiteElo "2520"]
[BlackElo "2320"]
[PlyCount "51"]
[EventDate "1989.12.??"]
[Source "www.chesslib.no"]
[SourceDate "2004.05.04"]

1. e4 Nf6 2. e5 Nd5 3. d4 c5 4. c4 Nb4 5. d5 d6 6. a3 Qa5 7. Bd2 Bf5 8. Nf3 dxe5 9. Nh4 e6 10. Nxf5 exf5 11. Be2 Nd7 12. O-O Bd6 13. Qb3 O-O 14. axb4 Qxa1 15. Na3 Qxf1+ 16. Kxf1 cxb4 17. Nb5 Bc5 18. Bxb4 b6 19. Bxc5 Nxc5 20. Qe3 Ne4 21. Bd3 a6 22. Nc7 Rac8 23. Qxb6 Nd2+ 24. Ke1 Rb8 25. Qxa6 Rxb2 26. Qa1 1-0

[Event "Nordic Grand Prix"]
[Site "Torshavn"]
[Date "1997.??.??"]
[Round "4"]
[White "Kristensen, Bjarke"]
[Black "Westerinen, Heikki MJ"]
[Result "1/2-1/2"]
[WhiteElo "2415"]
[BlackElo "2425"]
[PlyCount "29"]
[EventDate "1997.02.07"]
[Source "ChessBase"]

1. e4 Nf6 2. e5 Nd5 3. d4 Nb6 4. Nf3 d5 5. Nbd2 Bg4 6. h3 Bxf3 7. Qxf3 e6 8. Qg3 c5 9. dxc5 N6d7 10. Be2 Nc6 11. O-O Nd4 12. Bd3 Nxc5 13. c3 Nxd3 14. Qxd3 Nc6 15. Nf3 1/2-1/2

[Event "Itau Mercosul Cup 3rd"]
[Site "Sao Paulo"]
[Date "1999.??.??"]
[Round "4"]
[White "Gonzalez, Bolivar Ribeiro"]
[Black "Leitao, Rafael"]
[Result "0-1"]
[WhiteElo "2265"]
[BlackElo "2574"]
[PlyCount "54"]
[EventDate "1999.10.??"]
[Source "www.chesslib.no"]
[SourceDate "2004.05.04"]

1. e4 Nf6 2. e5 Nd5 3. c4 Nb6 4. d4 d6 5. f4 dxe5 6. fxe5 Bf5 7. Nc3 e6 8. Be3 Nc6 9. Be2 Be7 10. Nf3 O-O 11. O-O f6 12. Qb3 a5 13. a4 Nb4 14. Ne1 fxe5 15. dxe5 Nd7 16. Rd1 Qc8 17. Bf4 Nc5 18. Qa3 c6 19. b3 Qc7 20. Qb2 Rad8 21. Rxd8 Rxd8 22. Nd1 Ne4 23. Nf3 Bc5+ 24. Be3 Bxe3+ 25. Nxe3 Qb6 26. Nd4 Rxd4 27. Nxf5 exf5 0-1

[Event "V Memorial Platonov"]
[Site "Kiev UCR"]
[Date "2007.02.03"]
[Round "1"]
[White "Simonian, H."]
[Black "Sergeev, Vl"]
[Result "1-0"]
[WhiteElo "2384"]
[BlackElo "2452"]
[PlyCount "137"]
[EventDate "2007.02.03"]
[Source "www.chesslib.no"]
[SourceDate "2004.05.04"]

1. e4 Nf6 2. e5 Nd5 3. c4 Nb6 4. d4 d6 5. exd6 exd6 6. Nc3 Be7 7. Bd3 Nc6 8. Nge2 Bg4 9. Be3 Nb4 10. b3 c6 11. Bb1 d5 12. c5 Nc8 13. a3 Na6 14. Qd3 Nc7 15. h3 Bd7 16. O-O g6 17. Bh6 Bf8 18. Qd2 Ne6 19. Bxf8 Kxf8 20. Qh6+ Kg8 21. f4 f5 22. g4 Ng7 23. Ng3 Qf6 24. Nce2 Ne7 25. Bc2 Re8 26. Rae1 b6 27. b4 Bc8 28. Kh2 Qf8 29. g5 Ne6 30. Qxf8+ Kxf8 31. h4 h6 32. Kg2 hxg5 33. hxg5 Ba6 34. Rh1 Kf7 35. Ba4 Bd3 36. Rxh8 Rxh8 37. Rh1 Re8 38. Rh7+ Ng7 39. Kf2 Kg8 40. Rh1 b5 41. Bb3 Ne6 42. Ke3 Bc4 43. Bc2 a5 44. Rb1 Ra8 45. a4 Kf7 46. Nc3 axb4 47. Rxb4 Nc7 48. Rb1 Re8 49. Bd3 Rb8 50. Kd2 b4 51. Nd1 Na6 52. Nb2 Bxd3 53. Nxd3 Kg7 54. Ne2 Nc8 55. Nec1 Ne7 56. Na2 Rh8 57. Naxb4 Nc7 58. Re1 Kf8 59. Ne5 Ne6 60. Nxg6+ Nxg6 61. Rxe6 Nxf4 62. Rxc6 Rh2+ 63. Ke3 Ng2+ 64. Kf2 Nf4+ 65. Kg3 Rb2 66. Kxf4 Rxb4 67. Ke5 f4 68. Rf6+ Kg7 69. a5 1-0

[Event "Decin op"]
[Site "Decin"]
[Date "1996.??.??"]
[Round "4"]
[White "Chernyshov, Konstantin"]
[Black "Raudive, Aivars"]
[Result "1-0"]
[WhiteElo "2470"]
[BlackElo "2365"]
[PlyCount "53"]
[EventDate "1996.??.??"]
[Source "ChessBase"]

1. e4 Nf6 2. e5 Nd5 3. c4 Nb6 4. d4 d6 5. exd6 exd6 6. Nc3 Be7 7. Be3 O-O 8. Qf3 c6 9. O-O-O d5 10. c5 N6d7 11. Bd3 Na6 12. Nge2 b6 13. cxb6 axb6 14. g4 Re8 15. h4 Nf8 16. g5 Ra7 17. Rdg1 g6 18. h5 Bd6 19. Nf4 Nc7 20. hxg6 fxg6 21. Nxg6 hxg6 22. Rh6 Nce6 23. Bxg6 Nxg6 24. Rxg6+ Rg7 25. Rh6 Rh7 26. Rxh7 Kxh7 27. Qf7+ 1-0

[Event "Novotel Open "]
[Site "Budapest"]
[Date "2004.08.20"]
[Round "2"]
[White "Boros, Denes"]
[Black "Popovics, Adam"]
[Result "1-0"]
[WhiteElo "2401"]
[BlackElo "2434"]
[PlyCount "51"]
[EventDate "2004.08.19"]
[Source "Roberto Alvarez"]
[SourceDate "2004.09.21"]

1. e4 Nf6 2. e5 Nd5 3. c4 Nb6 4. d4 d6 5. exd6 exd6 6. Bd3 Be7 7. Nf3 O-O 8. h3 c6 9. O-O d5 10. cxd5 Nxd5 11. Nc3 Be6 12. Re1 Nd7 13. a3 Bf6 14. Bd2 Nxc3 15. bxc3 Nb6 16. Rb1 Qd5 17. Bg5 Qd8 18. Qd2 Rb8 19. Qf4 Nd5 20. Qe4 g6 21. Qh4 b5 22. Re5 Kg7 23. Qh6+ Kh8 24. c4 bxc4 25. Rxb8 Qxb8 26. Rxd5 1-0

[Event "Arnold mem"]
[Site "Gausdal"]
[Date "1997.??.??"]
[Round "8"]
[White "Bergstrom, Rolf"]
[Black "Gausel, Einar"]
[Result "0-1"]
[WhiteElo "2285"]
[BlackElo "2540"]
[PlyCount "120"]
[EventDate "1997.??.??"]
[Source "www.chesslib.no"]
[SourceDate "2004.05.04"]

1. e4 Nf6 2. e5 Nd5 3. c4 Nb6 4. d4 d6 5. exd6 exd6 6. Nf3 Be7 7. Be2 c6 8. Nc3 Bg4 9. b3 a5 10. O-O O-O 11. Be3 Re8 12. h3 Bh5 13. Qd2 Na6 14. Rad1 d5 15. g4 Bg6 16. Ne5 Bb4 17. Qc1 Bxc3 18. Qxc3 Nc7 19. Bf3 Nd7 20. cxd5 Nxd5 21. Qc4 Nxe3 22. fxe3 Nxe5 23. dxe5 Qe7 24. e6 Qxe6 25. Qxe6 Rxe6 26. Rd7 Rb8 27. Rfd1 Kf8 28. Kf2 Re7 29. Rd8+ Rxd8 30. Rxd8+ Re8 31. Rd7 Rb8 32. h4 Bb1 33. Rd2 Ke7 34. Rb2 Bd3 35. b4 a4 36. a3 Rd8 37. Rd2 f6 38. Bd1 Bb5 39. Rd4 Rd6 40. Bc2 h6 41. Kf3 g5 42. hxg5 hxg5 43. Bd1 b6 44. Ke4 Re6+ 45. Kf3 c5 46. bxc5 bxc5 47. Rd2 Bc6+ 48. Kf2 Rd6 49. Ke1 Rxd2 50. Kxd2 Kd6 51. Kc3 Bd5 52. Kd3 Bb3 53. Bf3 Ke5 54. Kc3 f5 55. Kd3 f4 56. Be2 c4+ 57. Kd2 c3+ 58. Kxc3 fxe3 59. Bb5 Kf4 60. Be2 Kg3 0-1

[Event "Deutschland"]
[Site "?"]
[Date "2005.01.16"]
[Round "5.3"]
[White "Drenchev Petar"]
[Black "Grabarczyk Bogdan"]
[Result "0-1"]
[WhiteElo "2404"]
[BlackElo "2416"]
[PlyCount "100"]
[EventDate "2005.??.??"]
[Source "www.chesslib.no"]
[SourceDate "2004.05.04"]

1. e4 Nf6 2. e5 Nd5 3. d4 Nb6 4. c4 d6 5. exd6 exd6 6. Nc3 Be7 7. Bd3 O-O 8. Nge2 Be6 9. b3 d5 10. c5 Nc8 11. b4 Bf6 12. Be3 Ne7 13. Qb3 g6 14. O-O c6 15. Ng3 h5 16. Qd1 h4 17. Nh5 Bh8 18. Nf4 Bf5 19. Be2 Nd7 20. g4 hxg3 21. hxg3 a5 22. a3 axb4 23. axb4 Rxa1 24. Qxa1 Nf6 25. f3 Re8 26. Qc1 Bc8 27. g4 Nh7 28. Nd3 g5 29. f4 Ng6 30. f5 Nh4 31. Kh2 b6 32. Bf2 bxc5 33. bxc5 Ba6 34. Qd2 Bxd3 35. Qxd3 Nf6 36. Bxh4 gxh4 37. Kg2 Ne4 38. Bf3 Ng5 39. Kh1 Qe7 40. Bg2 Qe3 41. Rd1 h3 42. Bf1 Qxd3 43. Bxd3 Bxd4 44. Ne2 Bxc5 45. Rc1 Re3 46. Ba6 Ra3 47. Bb7 Ra2 48. Rxc5 Rxe2 49. Rc3 d4 50. Rxc6 d3 0-1

[Event "5. Rohde Open"]
[Site "?"]
[Date "2005.10.26"]
[Round "5"]
[White "Edouard Romain"]
[Black "Koziak Vitali"]
[Result "1/2-1/2"]
[WhiteElo "2338"]
[BlackElo "2480"]
[PlyCount "59"]
[EventDate "2005.??.??"]
[Source "www.chesslib.no"]
[SourceDate "2004.05.04"]

1. e4 Nf6 2. e5 Nd5 3. c4 Nb6 4. d4 d6 5. exd6 exd6 6. Nc3 Be7 7. h3 O-O 8. Nf3 Nc6 9. Be2 Bf5 10. O-O Bf6 11. Be3 h6 12. a3 d5 13. c5 Nc4 14. Bc1 b6 15. cxb6 axb6 16. b3 N4a5 17. Bf4 Ne7 18. Be5 Bxe5 19. Nxe5 Nac6 20. Nxc6 Nxc6 21. Bf3 Be6 22. b4 Qg5 23. Re1 Rae8 24. b5 Ne7 25. Re5 Qf6 26. Qd2 Ng6 27. Re3 Qg5 28. Kf1 Qf5 29. Ne2 Qf6 30. Rc3 1/2-1/2

[Event "Neckar op 3rd"]
[Site "Deizisau"]
[Date "1999.04.04"]
[Round "6"]
[White "Vuckovic, Aleksandar"]
[Black "Bagirov, Vladimir"]
[Result "1/2-1/2"]
[WhiteElo "2320"]
[BlackElo "2493"]
[PlyCount "131"]
[EventDate "1999.04.??"]
[Source "www.chesslib.no"]
[SourceDate "2004.05.04"]

1. e4 Nf6 2. e5 Nd5 3. c4 Nb6 4. d4 d6 5. exd6 exd6 6. Be3 Be7 7. Bd3 c6 8. Nd2 Na6 9. a3 Nc7 10. Qc2 h6 11. Ne2 d5 12. c5 Nd7 13. f4 Nf6 14. h3 Ne4 15. Nxe4 dxe4 16. Bxe4 Nd5 17. Bf2 O-O 18. f5 Re8 19. O-O Bg5 20. Rfe1 Ne3 21. Qd3 Nd5 22. Nc3 Nxc3 23. bxc3 Bd7 24. c4 Qf6 25. d5 Rxe4 26. Qxe4 Bxf5 27. Qf3 Qg6 28. d6 Rd8 29. h4 Bf6 30. Ra2 Be6 31. h5 Qg5 32. Rae2 Kf8 33. Qe4 Kg8 34. Qf3 Kf8 35. Re4 Qd2 36. Qb3 Rd7 37. Qe3 Qxe3 38. R1xe3 Bg5 39. Rb3 Ke8 40. Re1 Kd8 41. Re4 Bf5 42. Re5 Be6 43. Re4 Bf5 44. Rd4 Be6 45. g4 Kc8 46. Re4 Rd8 47. Kg2 Rg8 48. Bg3 Bd8 49. Kf3 g6 50. Rxe6 fxe6 51. d7+ Kxd7 52. Rxb7+ Kc8 53. Rb8+ Kd7 54. hxg6 Rxg6 55. Rb7+ Ke8 56. Rxa7 e5 57. Bxe5 h5 58. gxh5 Rg5 59. Bc7 Bxc7 60. Rxc7 Rxh5 61. Rxc6 Kd7 62. Ra6 Rxc5 63. Ra4 Re5 64. Kf4 Re1 65. Ra5 Kc6 66. Re5 1/2-1/2

[Event "TCh-ROU Superliga"]
[Site "Predeal ROU"]
[Date "2007.10.15"]
[Round "3"]
[White "Rusan, P."]
[Black "Luther, T."]
[Result "1-0"]
[WhiteElo "2278"]
[BlackElo "2534"]
[PlyCount "81"]
[EventDate "2007.10.13"]
[Source "www.chesslib.no"]
[SourceDate "2004.05.04"]

1. e4 Nf6 2. e5 Nd5 3. c4 Nb6 4. d4 d6 5. exd6 exd6 6. Bd3 Nc6 7. d5 Ne5 8. Be2 Be7 9. f4 Ned7 10. Nf3 Nc5 11. Nc3 Bf6 12. Nd4 O-O 13. O-O Re8 14. Kh1 Bd7 15. b3 a5 16. Bf3 a4 17. b4 Na6 18. c5 dxc5 19. bxc5 Nxc5 20. Ba3 Re3 21. Bxc5 Rxc3 22. Rc1 Rxc1 23. Qxc1 a3 24. Rd1 Ra4 25. Ne6 Qb8 26. Nf8 Bf5 27. g4 Rc4 28. Qe3 Rc3 29. Qf2 Rc2 30. Rd2 Rc1+ 31. Kg2 Nc4 32. gxf5 Nxd2 33. Nd7 Nxf3 34. Nxb8 Nh4+ 35. Kh3 Rc3+ 36. Kg4 g6 37. fxg6 h5+ 38. Kxh5 fxg6+ 39. Kh6 Kf7 40. Kh7 Nf5 41. Qg2 1-0

[Event "New York Open"]
[Site "New York, NY USA"]
[Date "1993.??.??"]
[Round "6"]
[White "Anderson, Renard"]
[Black "Alburt, Lev O"]
[Result "0-1"]
[WhiteElo "2275"]
[BlackElo "2535"]
[PlyCount "102"]
[EventDate "1993.04.07"]
[Source "www.chesslib.no"]
[SourceDate "2004.05.04"]

1. e4 Nf6 2. e5 Nd5 3. c4 Nb6 4. d4 d6 5. f4 dxe5 6. fxe5 Nc6 7. Be3 Bf5 8. Nc3 e6 9. Nf3 Bg4 10. Be2 Bxf3 11. gxf3 Qh4+ 12. Bf2 Qf4 13. c5 Nd7 14. Qd3 f6 15. Be3 Qh4+ 16. Bf2 Qh6 17. Be3 Qh3 18. exf6 Nxf6 19. O-O-O O-O-O 20. Qc4 Nd5 21. Nxd5 exd5 22. Qc3 g6 23. Rhe1 Qxh2 24. Bb5 Re8 25. Bxc6 bxc6 26. Kb1 Qh3 27. Qa5 Bh6 28. Bxh6 Qxh6 29. Rxe8+ Rxe8 30. Qxa7 Qf4 31. Qa6+ Kd7 32. Qf1 Qf5+ 33. Qd3 Qxd3+ 34. Rxd3 h5 35. Kc2 h4 36. Rd2 Ke6 37. Re2+ Kf7 38. Kd3 Ra8 39. a3 Rb8 40. Rh2 g5 41. f4 h3 42. fxg5 Kg6 43. b4 Ra8 44. Ke3 Kxg5 45. Ra2 h2 46. Rg2+ Kf5 47. Rf2+ Kg4 48. Rxh2 Rxa3+ 49. Kf2 Ra2+ 50. Kg1 Rxh2 51. Kxh2 Kf4 0-1

[Event "Copenhagen DEN"]
[Site "Copenhagen DEN"]
[Date "1971.??.??"]
[Round "5"]
[White "Moe, Mogens"]
[Black "Jakobsen, Ole"]
[Result "1/2-1/2"]
[WhiteElo "2380"]
[BlackElo "2430"]
[PlyCount "117"]
[EventDate "1971.??.??"]
[Source "www.chesslib.no"]
[SourceDate "2004.05.04"]

1. e4 Nf6 2. e5 Nd5 3. c4 Nb6 4. d4 d6 5. f4 Bf5 6. Nf3 e6 7. Nc3 Be7 8. Be2 O-O 9. O-O d5 10. c5 N6d7 11. b4 b6 12. Be3 a5 13. a3 c6 14. Ne1 Na6 15. g4 Be4 16. Nxe4 dxe4 17. Qb1 Nc7 18. Qxe4 axb4 19. f5 Nd5 20. f6 N7xf6 21. exf6 Bxf6 22. Bd3 g6 23. Bh6 Nc3 24. Qf3 Bxd4+ 25. Kh1 Bg7 26. Bxg7 Kxg7 27. Nc2 bxc5 28. axb4 Rxa1 29. Rxa1 cxb4 30. Nxb4 c5 31. Na6 Qd4 32. Rc1 e5 33. Bf1 Ne4 34. Rc4 Nd2 35. Rxd4 Nxf3 36. Rd7 e4 37. Nxc5 Ra8 38. Ne6+ Kf6 39. Nd4 Ne5 40. Rd6+ Ke7 41. Rd5 Nxg4 42. Nc2 Rd8 43. Rxd8 Kxd8 44. Kg2 Ke7 45. Kg3 f5 46. Bg2 Ne5 47. h4 Kf6 48. Nb4 Nd3 49. Nxd3 exd3 50. Kf4 d2 51. Bf3 h6 52. Bd1 g5+ 53. hxg5+ hxg5+ 54. Ke3 Ke5 55. Kxd2 Kf4 56. Ke1 Kg3 57. Kf1 Kh2 58. Kf2 g4 59. Bf3 1/2-1/2

[Event "FIN Ch"]
[Site "Helsinki FIN"]
[Date "1992.??.??"]
[Round "6"]
[White "Norri, Joose"]
[Black "Rantanen, Yrjo A"]
[Result "1-0"]
[WhiteElo "2395"]
[BlackElo "2410"]
[PlyCount "76"]
[EventDate "1992.??.??"]
[Source "www.chesslib.no"]
[SourceDate "2004.05.04"]

1. e4 Nf6 2. e5 Nd5 3. c4 Nb6 4. d4 d6 5. f4 dxe5 6. fxe5 Nc6 7. Be3 Bf5 8. Nc3 e6 9. Nf3 Be7 10. d5 exd5 11. cxd5 Nb4 12. Nd4 Bg6 13. Bb5+ Kf8 14. O-O Kg8 15. d6 cxd6 16. e6 Bf6 17. Qb3 a5 18. Nf5 Nc8 19. Rad1 h6 20. Ne4 Kh7 21. exf7 Be5 22. g3 Rf8 23. Be8 Rxe8 24. fxe8=N Qxe8 25. Nfxd6 Nxd6 26. Nxd6 Qc6 27. Nc4 Bc7 28. Rc1 Qe6 29. Nxa5 Nd5 30. Nc4 b5 31. Qxb5 Nxe3 32. Rfe1 Qd5 33. Qxd5 Nxd5 34. a3 Nf6 35. Re6 Bf7 36. Rc6 Bb8 37. Kf1 Bd5 38. Rc8 Bf4 1-0

[Event "JUG-chT2"]
[Site "JUG"]
[Date "1994.??.??"]
[Round "5"]
[White "Perovic, Dragan"]
[Black "Popov, Luben S"]
[Result "0-1"]
[WhiteElo "2410"]
[BlackElo "2395"]
[PlyCount "64"]
[EventDate "1994.??.??"]
[Source "www.chesslib.no"]
[SourceDate "2004.05.04"]

1. e4 Nf6 2. e5 Nd5 3. c4 Nb6 4. d4 d6 5. exd6 exd6 6. Nc3 Be7 7. Qf3 c5 8. d5 O-O 9. Bd3 N8d7 10. Bf4 Ne5 11. Bxe5 dxe5 12. O-O-O f5 13. Qe2 e4 14. Bc2 Bf6 15. f3 Bxc3 16. bxc3 Qg5+ 17. Kb2 Bd7 18. Nh3 exf3 19. Qe6+ Bxe6 20. Nxg5 fxg2 21. Rhg1 Bd7 22. Bd3 Rae8 23. Rxg2 Re3 24. Rg3 Rxg3 25. hxg3 Re8 26. Rf1 g6 27. g4 fxg4 28. Kc2 Re5 29. Ne4 Bf5 30. Nxc5 Nxc4 31. Rf4 Nd6 32. Bxf5 Nxf5 0-1